Statystyki dla Jaki klub łączy tych piłkarzy część 1

Kliknij tutaj aby rozwiązać quiz!

Ogólne statystyki

  • Ten quiz został rozwiązany 714 razy
  • Średni wynik to 9 z 12

Statystyki odpowiedzi

Zawodnicyklub% Poprawnych
Robert Lewandowski ,Mario Mandzukic i Ivica OlicBayern Monachium
99%
Łukasz Fabiański, Alexis Sánchez i Lukas PodolskiArsenal
93%
Denis Suárez ,Paco Alcácer i Marc BartraFc Barcelona
92%
Maciej Gajos, Dawid Kownacki i Dariusz FormellaLech Poznań
88%
Radoslaw Cierzniak ,Arkadiusz Piech i Tomasz JodłowiecLegia Warszawa
88%
Hulk ,Casemiro i Iker CasillasFc Porto
87%
Carlos Tevez ,Martín Demichelis i Wilfried BonyManchester City
86%
Marek Saganowski ,Sadio Mane i Virgil van DijkFC Southampton
78%
Ronaldo ,Memphis Depay i Hirving LozanoPSV
64%
Sławomir Peszko ,Michał Żyro i João MoutinhoWolverhampton
61%
Paweł Brożek ,Kristoffer Ajer i Scott BrownCeltic
56%
Pawel Kieszek ,Ederson i Jan OblakRio Ave
31%

Rozkład punktacji

Percentyl według liczby udzielonych odpowiedzi

Procent ludzi z każdym wynikiem

Twoja historia wyników

Nie rozwiązałeś tego quizu